Score 0/34 Timer 06:00
5 Plays Today
Occurrences Name % Correct
9William
92.4%
7George
91.3%
10Elizabeth
90.8%
11Henry
89.7%
7Charles
88%
12Mary
80.3%
11Edward
78.9%
6John
75.7%
6Anne
75.2%
3James
73%
3Victoria
71.5%
5Richard
62%
7Catherine
59.1%
7Margaret
50.9%
3Albert
44.5%
4Charlotte
41.5%
2Robert
40.6%
Occurrences Name % Correct
4Thomas
39%
2Arthur
38.2%
2Beatrice
34.5%
4Louise
27.1%
2Frederick
25%
2Alfred
24.2%
2Alice
21.5%
3Isabella
20.9%
3Sophia
20%
5Edmund
18.4%
5Eleanor
18.1%
7Joan
17.3%
4Matilda
16.7%
2Amelia
12.5%
2Henrietta
12.1%
2Cecily
7.6%
2Blanche
6.7%

You're not logged in!

Compare scores with friends on all Sporcle quizzes.
OR
Log In

Sporcle TV

Today on Sporcle TV


Watch our educational content, quiz creation guides, and fun videos on Sporcle TV.

Show Comments

Extras

Top Quizzes Today


Score Distribution

Paid Content

Your Account Isn't Verified!

In order to create a playlist on Sporcle, you need to verify the email address you used during registration. Go to your Sporcle Settings to finish the process.

Report this User

Report this user for behavior that violates our Community Guidelines.

Details: